[Event "17th Africa-ch"]
[Site "Lagos NGR"]
[Date "2022.09.20"]
[Round "3"]
[White "Lungu, Nase"]
[Black "Paiva, Donaldo"]
[Result "1/2-1/2"]
[WhiteElo "2261"]
[BlackElo "2207"]
[EventDate "2022.09.18"]
[PlyCount "92"]

1.d4 Nf6 2.Nf3 d5 3.Bf4 c5 4.c3 Qb6 5.Qb3 c4 6.Qc2 g6 7.Nbd2 Bf5 8.Qc1 Nc6
9.e3 Bg7 10.h3 Rc8 11.Be2 O-O 12.Ne5 Nd7 13.Nxd7 Bxd7 14.Bf3 e5 15.dxe5 
Bxe5 16.Bh6 Rfe8 17.Bxd5 Ne7 18.Nxc4 Rxc4 19.Bxc4 Qc6 20.Qd2 Bc8 21.Bb3 
Nf5 22.Bg5 Qxg2 23.O-O-O Qxg5 24.f4 Qg3 25.fxe5 Nxe3 26.Rde1 Nf5 27.Qd5 
Qg5+ 28.Kb1 Qe7 29.Rhg1 Kg7 30.Qf3 b5 31.Qf4 a5 32.a3 h6 33.Ka1 Kh7 34.h4 
Qxh4 35.Qxh4 Nxh4 36.Bxf7 Re7 37.Bd5 Be6 38.Bxe6 Rxe6 39.Rd1 g5 40.Rd5 Nf3
41.Rg3 Nh4 42.Rxb5 Kg6 43.Rxa5 h5 44.c4 g4 45.c5 Nf5 46.Rg1 g3 1/2-1/2

[Event "17th Africa-ch"]
[Site "Lagos NGR"]
[Date "2022.09.20"]
[Round "3"]
[White "Solomon, Kenny"]
[Black "De Gondo, Simplice Armel"]
[Result "1-0"]
[WhiteElo "2356"]
[BlackElo "2119"]
[EventDate "2022.09.18"]
[PlyCount "71"]

1.d4 Nf6 2.c4 g6 3.Nc3 Bg7 4.e4 d6 5.h3 e5 6.d5 a5 7.Bd3 Nbd7 8.Nf3 Nc5 9.
Bc2 O-O 10.Bg5 h6 11.Be3 Qe7 12.g4 Ne8 13.Rg1 Bd7 14.h4 Kh7 15.h5 g5 16.
Nd2 Kh8 17.Nf1 Nf6 18.f3 Rfb8 19.Ng3 Ne8 20.a3 Bf8 21.Kf2 Qd8 22.b4 axb4 
23.axb4 Rxa1 24.Qxa1 Ra8 25.Qb2 Na4 26.Bxa4 Bxa4 27.b5 Ra5 28.Ra1 Qa8 29.
Qb4 b6 30.Rxa4 Rxa4 31.Qxa4 Qxa4 32.Nxa4 Nf6 33.Bxb6 cxb6 34.Nxb6 Kg8 35.
Nf5 Kh7 36.Ke2 1-0

[Event "17th Africa-ch"]
[Site "Lagos NGR"]
[Date "2022.09.20"]
[Round "3"]
[White "Etukakpan, Leonard"]
[Black "Ajibola, Olanrewaju"]
[Result "0-1"]
[WhiteElo "2113"]
[BlackElo "2285"]
[EventDate "2022.09.18"]
[PlyCount "62"]

1.d4 d5 2.c4 e6 3.Nf3 c6 4.cxd5 exd5 5.Nc3 Bf5 6.Bg5 Be7 7.Bxe7 Qxe7 8.e3 
Nd7 9.Be2 h6 10.O-O Ngf6 11.a3 O-O 12.Rc1 a5 13.Na4 Ne4 14.Bd3 Bg4 15.Be2 
Bxf3 16.gxf3 Ng5 17.Kh1 f5 18.f4 Ne4 19.Qc2 Qh4 20.Bf3 Ndf6 21.Nc3 g5 22.
Bxe4 fxe4 23.Rg1 Kh8 24.f3 gxf4 25.fxe4 Ng4 26.Nd1 f3 27.Rxg4 Qxg4 28.e5 
f2 29.Nxf2 Qf3+ 30.Kg1 Rg8+ 31.Kf1 Raf8 0-1

[Event "17th Africa-ch"]
[Site "Lagos NGR"]
[Date "2022.09.20"]
[Round "3"]
[White "Abdulraheem, Abdulrahman Akintoye"]
[Black "Emmanuel, Joy Idara"]
[Result "0-1"]
[WhiteElo "2277"]
[BlackElo "2116"]
[EventDate "2022.09.18"]
[PlyCount "104"]

1.d4 Nf6 2.c4 e6 3.Nc3 Bb4 4.Qc2 O-O 5.Nf3 b6 6.Bg5 h6 7.Bh4 Bb7 8.O-O-O 
g5 9.Bg3 Bxc3 10.Qxc3 Ne4 11.Qc2 f5 12.e3 d6 13.d5 e5 14.Bd3 Nxg3 15.hxg3 
Qf6 16.Bxf5 Qxf5 17.Qxf5 Rxf5 18.Rxh6 g4 19.Rg6+ Kf7 20.Rxg4 Rh5 21.Ng5+ 
Kf6 22.f4 Kf5 23.Rh4 Rxh4 24.gxh4 Kg4 25.fxe5 dxe5 26.Rf1 Kxh4 27.Nf3+ Kg3
28.Nxe5 Na6 29.Rf7 Kxg2 30.Nd3 Re8 31.Kd2 Rd8 32.Nf4+ Kg3 33.Ne6 Rd6 34.
Nxc7 Nc5 35.Nb5 Rh6 36.Rg7+ Kf3 37.Nd4+ Kf2 38.Rf7+ Kg1 39.Ne2+ Kg2 40.b4 
Ne4+ 41.Kd3 Nd6 42.Rg7+ Kf2 43.Nf4 a5 44.c5 Ba6+ 45.Kc2 Nf5 46.Rf7 Nxe3+ 
47.Kb2 Nc4+ 48.Kb3 Ke3 49.d6 Rh2 50.Nd5+ Kd4 51.Nc3 Rb2+ 52.Ka4 Rxb4# 0-1

[Event "17th Africa-ch"]
[Site "Lagos NGR"]
[Date "2022.09.20"]
[Round "3"]
[White "Onokpite, Kennedy"]
[Black "Olape, Bunmi"]
[Result "1/2-1/2"]
[WhiteElo "2095"]
[BlackElo "2250"]
[EventDate "2022.09.18"]
[PlyCount "87"]

1.d4 d5 2.Nf3 Nf6 3.c3 e6 4.Bg5 Be7 5.Nbd2 O-O 6.e3 b6 7.Ne5 Bb7 8.Bd3 
Nbd7 9.f4 Ne4 10.Bxe7 Qxe7 11.Nxd7 Qxd7 12.Nxe4 dxe4 13.Be2 Rfd8 14.O-O c5
15.dxc5 Qe7 16.Qc2 Qxc5 17.Kf2 e5 18.fxe5 Qxe5 19.Kg1 Qc5 20.Qc1 Rd6 21.b4
Qg5 22.Rf4 Rc8 23.Qe1 Qe5 24.Rc1 Rc7 25.Rf2 g6 26.c4 Bc8 27.Qc3 Qxc3 28.
Rxc3 Rd2 29.Bf1 Rd1 30.h3 Be6 31.Kh2 f5 32.a3 Kg7 33.g3 Kf6 34.Kg2 Ke5 35.
Rfc2 g5 36.Be2 Rd8 37.c5 bxc5 38.Rxc5+ Rxc5 39.Rxc5+ Rd5 40.Rc7 Rd7 41.
Rxd7 Bxd7 42.Kf2 f4 43.gxf4+ gxf4 44.h4 1/2-1/2

[Event "17th Africa-ch"]
[Site "Lagos NGR"]
[Date "2022.09.20"]
[Round "3"]
[White "Oragwu, Chukwunonso"]
[Black "Manyang, Peter Majur"]
[Result "0-1"]
[WhiteElo "2248"]
[BlackElo "2111"]
[EventDate "2022.09.18"]
[PlyCount "100"]

1.e4 c5 2.Nf3 Nc6 3.Bb5 g6 4.O-O Bg7 5.Re1 a6 6.Bxc6 dxc6 7.h3 c4 8.d4 
cxd3 9.cxd3 Nf6 10.Nc3 O-O 11.d4 b5 12.Qc2 Bb7 13.a3 Rc8 14.Be3 Qc7 15.
Rac1 Rfd8 16.b4 Nd7 17.Qb3 Nb6 18.e5 Nc4 19.Ne4 c5 20.Nxc5 Bd5 21.Qc3 Qc6 
22.Bg5 Rc7 23.Red1 Ra8 24.Ne1 a5 25.Qg3 axb4 26.axb4 h6 27.Bf4 g5 28.Be3 
Rca7 29.h4 gxh4 30.Qh3 Qg6 31.Ncd3 Qe4 32.Nc5 Qg6 33.Bf4 Kh7 34.Qxh4 f6 
35.Bg3 Qg5 36.Qh2 Ra2 37.Ncd3 R8a4 38.Nf4 e6 39.Nxd5 exd5 40.Nf3 Qg4 41.
exf6 Bxf6 42.Bf4 h5 43.Be5 Be7 44.Bb8 Ra6 45.Re1 Bxb4 46.Qc7+ Qg7 47.Ng5+ 
Kh6 48.Qf4 Qxg5 49.Qf7 Rf6 50.Re6 Rxf2 0-1

[Event "17th Africa-ch"]
[Site "Lagos NGR"]
[Date "2022.09.20"]
[Round "3"]
[White "Adu, Oladapo"]
[Black "John, Henry"]
[Result "0-1"]
[WhiteElo "2026"]
[BlackElo "2245"]
[EventDate "2022.09.18"]
[PlyCount "138"]

1.d4 Nf6 2.c4 c5 3.Nf3 cxd4 4.Nxd4 g6 5.Nc3 Bg7 6.e4 d6 7.Be2 O-O 8.O-O 
Nc6 9.Be3 Bd7 10.Rc1 Ne5 11.h3 Nc6 12.Qd2 Nxd4 13.Bxd4 Bc6 14.Bf3 Nd7 15.
Bxg7 Kxg7 16.Rfd1 f5 17.Nd5 Ne5 18.Qd4 Kg8 19.Be2 f4 20.f3 b6 21.Nb4 Qc7 
22.b3 Rac8 23.Qf2 Bb7 24.Nc2 Qc5 25.Nd4 Rf6 26.Rc2 Rcf8 27.Nb5 a6 28.Nc3 
Bc6 29.b4 Qxf2+ 30.Kxf2 Rc8 31.Rdc1 Nd7 32.Nd5 Rf7 33.c5 Bxd5 34.exd5 bxc5
35.Bxa6 Rb8 36.b5 Nb6 37.Rd1 Rf5 38.Rcd2 Kf7 39.Rd3 Ke8 40.R1d2 Kd7 41.Ke1
Kc7 42.Kf2 g5 43.Rd1 h5 44.R3d2 h4 45.Rd3 Rbf8 46.Ra1 Rxd5 47.Rxd5 Nxd5 
48.a3 Rf5 49.a4 Nb4 50.Rb1 Kb6 51.Bc8 Rd5 52.Ke2 Ka5 53.Bd7 Rd4 54.Rb2 Nd5
55.b6 Nxb6 56.Rb5+ Ka6 57.Bc6 Nxa4 58.Rb7 Nc3+ 59.Kf2 Rd2+ 60.Kf1 Nd5 61.
Ke1 Rd4 62.Rb8 Nb4 63.Bb5+ Ka5 64.Be2 Rd5 65.Bc4 Rd4 66.Be2 Nc2+ 67.Kf2 
Rd2 68.Kf1 Nd4 69.Bc4 e6 0-1

[Event "17th Africa-ch"]
[Site "Lagos NGR"]
[Date "2022.09.20"]
[Round "3"]
[White "Balogun, Oluwafemi Daniel"]
[Black "Eyetonghan, Denyefa Callistus"]
[Result "0-1"]
[WhiteElo "2240"]
[BlackElo "2079"]
[EventDate "2022.09.18"]
[PlyCount "114"]

1.e4 c6 2.d4 d5 3.e5 c5 4.Nf3 Bg4 5.dxc5 e6 6.Be3 Nc6 7.Bb5 Qa5+ 8.Nc3 Ne7
9.a3 Qc7 10.O-O a6 11.Ba4 Nf5 12.Bd4 Be7 13.Ne2 O-O 14.Bxc6 Qxc6 15.b4 
Bxf3 16.gxf3 b6 17.cxb6 Rfb8 18.c3 Bd8 19.Kh1 Bxb6 20.Rg1 Rc8 21.Rc1 a5 
22.b5 Qb7 23.a4 Rc4 24.Ra1 Rac8 25.Qd3 Qa7 26.Rgd1 h6 27.h3 Bxd4 28.cxd4 
Qe7 29.f4 Qh4 30.Qf3 Rc2 31.Kg2 R8c4 32.Kf1 Rb2 33.Rab1 Rcc2 34.Rxb2 Rxb2 
35.Qc3 Rb4 36.Ra1 Rc4 37.Qd3 Qd8 38.Qb3 Qb6 39.Rd1 Rb4 40.Qc2 Qd8 41.Qc6 
Qh4 42.Qc8+ Kh7 43.Qc3 Qh5 44.Ra1 g6 45.Qd3 Rb2 46.Ra3 Kg7 47.Rc3 g5 48.
fxg5 hxg5 49.Rc5 g4 50.hxg4 Qh1+ 51.Ng1 Nh4 52.Qh3 Rb1+ 53.Ke2 Qxg1 54.
Qxh4 Qd1+ 55.Ke3 Rb3+ 56.Kf4 Rf3+ 57.Kg5 Qd2+ 0-1

[Event "17th Africa-ch"]
[Site "Lagos NGR"]
[Date "2022.09.20"]
[Round "3"]
[White "Ikhimiukor, Ehidiamen"]
[Black "Aikhoje, Odion"]
[Result "1-0"]
[WhiteElo "1942"]
[BlackElo "2239"]
[EventDate "2022.09.18"]
[PlyCount "62"]

1.d4 Nf6 2.Nf3 d5 3.c4 c6 4.Nc3 e6 5.Bg5 Qb6 6.Qc2 dxc4 7.e4 Qa6 8.Be2 b5 
9.O-O Qb6 10.a4 a6 11.Rfb1 Bb7 12.b3 cxb3 13.Rxb3 b4 14.a5 Qc7 15.Nd1 Nbd7
16.Ne3 h6 17.Bh4 c5 18.Bg3 Qd8 19.d5 exd5 20.Nxd5 Nxd5 21.exd5 Be7 22.d6 
Bf6 23.Re3+ Kf8 24.Re1 g5 25.Bc4 Kg7 26.Bxf7 Kxf7 27.Qc4+ Kg6 28.h4 Rf8 
29.Qd3+ Kh5 30.Bh2 g4 31.Ne5 Rh8 1-0

[Event "17th Africa-ch"]
[Site "Lagos NGR"]
[Date "2022.09.20"]
[Round "3"]
[White "Zhemba, Jemusse"]
[Black "Chimthere, Alfred Charles"]
[Result "1-0"]
[WhiteElo "2232"]
[BlackElo "2027"]
[EventDate "2022.09.18"]
[PlyCount "120"]

1.e4 c6 2.d4 d5 3.exd5 cxd5 4.c4 e6 5.Nc3 Nf6 6.Nf3 Be7 7.c5 O-O 8.Bf4 b6 
9.b4 bxc5 10.bxc5 Ne4 11.Nb5 a6 12.Bc7 Qe8 13.Na3 Qd7 14.Bb6 Nc6 15.Bd3 
Rb8 16.Nc2 Nc3 17.Qc1 Na4 18.Rb1 Nxb6 19.cxb6 Qd6 20.O-O Bd8 21.Ne3 Bxb6 
22.Rd1 f5 23.Bc2 Bd7 24.Bb3 Na5 25.Qd2 Nxb3 26.axb3 Bb5 27.Ne5 Rbc8 28.f4 
Rc7 29.h3 Rfc8 30.Kh2 Rc3 31.N3c4 R3xc4 32.bxc4 dxc4 33.Qc3 h6 34.Rb2 Qd5 
35.Re2 Ba4 36.Rb1 Bxd4 37.Qa3 Bxe5 38.Rxe5 Qd7 39.Rc5 Rxc5 40.Qxc5 Bb5 41.
Re1 Kf7 42.Re3 Qe7 43.Qb6 g5 44.fxg5 hxg5 45.Re5 Qd7 46.Rc5 Kf6 47.Qb8 Kg6
48.Rc8 f4 49.Rc5 Qe8 50.Qe5 Qe7 51.h4 f3 52.Qe4+ Kf7 53.Qxf3+ Ke8 54.Rc8+ 
Kd7 55.Qb7+ Kd6 56.Qb6+ Kd5 57.Rd8+ Ke4 58.Qd4+ Kf5 59.g4+ Kg6 60.Rg8+ Kh7
1-0

[Event "17th Africa-ch"]
[Site "Lagos NGR"]
[Date "2022.09.20"]
[Round "3"]
[White "Okeke, Isaac Chukwudalu"]
[Black "Barcon, Harmon"]
[Result "1-0"]
[WhiteElo "2180"]
[BlackElo "1951"]
[EventDate "2022.09.18"]
[PlyCount "169"]

1.e4 e5 2.Nf3 d6 3.d4 Nf6 4.dxe5 Nxe4 5.Bc4 c6 6.O-O d5 7.Be2 Be7 8.c4 
dxc4 9.Qc2 Nc5 10.Bxc4 Bg4 11.Nbd2 O-O 12.b4 Ne6 13.Qe4 Bh5 14.a3 Bg6 15.
Qg4 Qc8 16.Bb2 a5 17.Nh4 Bxh4 18.Qxh4 Qd8 19.Nf3 axb4 20.axb4 Rxa1 21.Rd1 
Rb1 22.Rxb1 Nd7 23.Ra1 Qe7 24.Qg4 Nb6 25.Bb3 Re8 26.Nh4 Rd8 27.Nxg6 Re8 
28.Rc1 hxg6 29.Rd1 Nf8 30.Qd4 Nbd7 31.f4 c5 32.bxc5 Nxc5 33.Bc4 Nfe6 34.
Qe3 Rd8 35.Rd2 Rxd2 36.Qxd2 Ne4 37.Qd5 Qc5+ 38.Qxc5 N4xc5 39.g3 Kf8 40.Ba3
Ke8 41.Kf2 b6 42.Ke3 Ke7 43.g4 f6 44.exf6+ gxf6 45.h4 Ng7 46.Bb2 Nce6 47.
Bd3 f5 48.h5 gxh5 49.gxf5 Nxf5+ 50.Bxf5 Nxf4 51.Kxf4 Kd6 52.Ke4 Kc5 53.Kd3
Kd5 54.Bf6 Kd6 55.Bg6 Ke6 56.Bd8 Kd7 57.Bxb6 h4 58.Bf2 Ke6 59.Bxh4 Ke5 60.
Bg5 Kd5 61.Bf4 Kc5 62.Bf7 Kb5 63.Kd4 Kb4 64.Be8 Kb3 65.Kd3 Kb2 66.Bd2 Kb3 
67.Ba5 Kb2 68.Kd2 Kb3 69.Bd7 Kc4 70.Ke3 Kc5 71.Kd3 Kd5 72.Bc7 Kc5 73.Be6 
Kc6 74.Be5 Kc5 75.Kc3 Kb5 76.Kd4 Kc6 77.Kc4 Kb6 78.Bd5 Ka5 79.Kc5 Ka4 80.
Bb2 Ka5 81.Bb3 Ka6 82.Kc6 Ka5 83.Bc3+ Ka6 84.Bc4+ Ka7 85.Kc7 1-0

[Event "17th Africa-ch"]
[Site "Lagos NGR"]
[Date "2022.09.20"]
[Round "3"]
[White "Rehan, Deng Cypriano"]
[Black "Amako, Marc Arnold"]
[Result "1-0"]
[WhiteElo "2145"]
[BlackElo "1555"]
[EventDate "2022.09.18"]
[PlyCount "117"]

1.e4 c5 2.Nf3 Nc6 3.c3 d5 4.e5 d4 5.Bb5 Bg4 6.O-O Qd5 7.c4 Qe4 8.d3 Bxf3 
9.dxe4 Bxd1 10.Bxc6+ bxc6 11.Rxd1 e6 12.Nd2 g5 13.Nf3 g4 14.Ne1 a5 15.Nd3 
Be7 16.b3 f6 17.Ba3 fxe5 18.Nxe5 Rc8 19.Nd3 Nf6 20.Bxc5 Bxc5 21.Nxc5 e5 
22.Nd3 Nd7 23.c5 Rb8 24.Rab1 Ke7 25.a3 Ke6 26.b4 axb4 27.axb4 Nf6 28.f3 
gxf3 29.gxf3 Nh5 30.Ra1 Rhf8 31.Ra6 Rfc8 32.Kf2 Rc7 33.Rda1 Nf4 34.Nxf4+ 
exf4 35.Rb6 Rxb6 36.cxb6 Rb7 37.Ra6 d3 38.Ke1 Ke5 39.Kd2 Kd4 40.Ra3 Rxb6 
41.Rxd3+ Ke5 42.Kc3 Ra6 43.Kb2 Ra7 44.h4 Rg7 45.Kb3 Rg1 46.Kc4 Re1 47.h5 
h6 48.Ra3 Rc1+ 49.Rc3 Rh1 50.Kc5 Rb1 51.Kxc6 Rxb4 52.Rc5+ Kd4 53.e5 Rb3 
54.Rd5+ Ke3 55.e6 Kxf3 56.e7 Re3 57.Kd6 Rxe7 58.Kxe7 Kg4 59.Kf6 1-0

[Event "17th Africa-ch"]
[Site "Lagos NGR"]
[Date "2022.09.20"]
[Round "3"]
[White "Kpan Deckalet, Mario Prosper"]
[Black "Lapite, Oluwadurotimi"]
[Result "0-1"]
[WhiteElo "1591"]
[BlackElo "2136"]
[EventDate "2022.09.18"]
[PlyCount "58"]

1.c4 e5 2.Nc3 Nf6 3.d3 d5 4.cxd5 Nxd5 5.g3 Nc6 6.Bg2 Be6 7.Nf3 Be7 8.O-O 
O-O 9.Bd2 f6 10.a3 Nd4 11.Nxd4 exd4 12.Nb5 Bc5 13.b4 Bb6 14.a4 a6 15.Na3 
a5 16.b5 Bc5 17.Nc4 Bb4 18.Bxb4 axb4 19.Bxd5 Qxd5 20.f3 Qc5 21.Rc1 Rfe8 
22.Qd2 Qe7 23.Nb2 Bb3 24.Rfe1 Bxa4 25.Nxa4 Rxa4 26.Qf4 b3 27.Qxc7 Qxc7 28.
Rxc7 b2 29.Rxb7 Ra1 0-1

[Event "17th Africa-ch"]
[Site "Lagos NGR"]
[Date "2022.09.20"]
[Round "3"]
[White "Wallace, O. Williams"]
[Black "Onovughe, Ochuko Emmanuel"]
[Result "0-1"]
[WhiteElo "1725"]
[BlackElo "2087"]
[EventDate "2022.09.18"]
[PlyCount "142"]

1.e4 d5 2.exd5 Nf6 3.Nf3 Nxd5 4.d4 g6 5.c4 Nb6 6.Nc3 Bg7 7.h3 O-O 8.Be3 
Nc6 9.Be2 Bf5 10.Rc1 e5 11.d5 Ne7 12.O-O Bc8 13.Bg5 h6 14.Bh4 g5 15.Bg3 
Ng6 16.Bd3 f5 17.Be2 Nd7 18.Re1 Qf6 19.Nb5 c5 20.Nc7 Rb8 21.Ne6 f4 22.Nxf8
Ndxf8 23.Bh2 e4 24.Nd2 Bf5 25.Bg4 Re8 26.Bxf5 Qxf5 27.Qc2 Bd4 28.Rxe4 Ne5 
29.Kf1 Nfd7 30.Nf3 Qf6 31.Nxd4 cxd4 32.Rxd4 Nf3 33.Rdd1 Nxh2+ 34.Kg1 f3 
35.Kxh2 Re2 36.Rd2 Qf4+ 37.Kg1 Qxd2 38.Qg6+ Kf8 39.Qxh6+ Ke8 40.Qh8+ Ke7 
41.Qg7+ Kd8 42.Qc3 Rxf2 43.Qxd2 Rxd2 44.gxf3 Ne5 45.Rc3 Ke7 46.c5 Rxd5 47.
Rb3 Rd7 48.Kg2 Kf6 49.Kg3 Kf5 50.h4 gxh4+ 51.Kxh4 Kf4 52.Rb4+ Kxf3 53.Kg5 
Nd3 54.Rb5 Rd5+ 55.Kg6 Rd7 56.Kf6 Rc7 57.b4 Nb2 58.Ke6 Nc4 59.Kd5 a6 60.
Kxc4 axb5+ 61.Kxb5 Rc6 62.Kc4 Ke4 63.b5 Rh6 64.a4 Rh1 65.c6 Rc1+ 66.Kb4 
bxc6 67.b6 Kd5 68.a5 Rb1+ 69.Ka4 Kc4 70.Ka3 Ra1+ 71.Kb2 Rxa5 0-1

[Event "17th Africa-ch"]
[Site "Lagos NGR"]
[Date "2022.09.20"]
[Round "3"]
[White "Ebosse, Kingue Victor Patrick"]
[Black "Egbe, Kossi Thierry"]
[Result "0-1"]
[WhiteElo "2075"]
[BlackElo "1695"]
[EventDate "2022.09.18"]
[PlyCount "88"]

1.e4 e6 2.d4 d5 3.Nc3 Bb4 4.e5 Ne7 5.Nf3 c5 6.a3 Bxc3+ 7.bxc3 c4 8.Be2 h6 
9.a4 Qa5 10.Bd2 Bd7 11.Qb1 Nbc6 12.O-O O-O 13.g4 Rab8 14.Kh1 Kh7 15.Rg1 
Rh8 16.Rg3 Kg8 17.Bc1 b5 18.axb5 Rxb5 19.Qa2 Qxc3 20.Bd2 Qb2 21.Qxb2 Rxb2 
22.Bd1 g6 23.Bc1 Rb6 24.c3 Kg7 25.Bc2 Rb5 26.Ne1 Ra5 27.Rb1 Rb8 28.Rxb8 
Nxb8 29.Rg1 Ra2 30.f4 a5 31.f5 exf5 32.Bb1 Ra1 33.gxf5 Bxf5 34.Bxf5 Rxc1 
35.Bc2 Nd7 36.Kg2 Nb6 37.Kf2 a4 38.Bxa4 Nxa4 39.Rg3 Rxc3 40.Ke2 Rxg3 41.
hxg3 Nf5 42.Nc2 Nxg3+ 43.Kf3 Nf5 44.Kf4 Nc3 0-1

[Event "17th Africa-ch"]
[Site "Lagos NGR"]
[Date "2022.09.20"]
[Round "3"]
[White "Amega-Dzaka, Komi Nukunu"]
[Black "Apollos, Akomaka"]
[Result "1-0"]
[WhiteElo "1621"]
[BlackElo "1909"]
[EventDate "2022.09.18"]
[PlyCount "102"]

1.d4 Nf6 2.Nf3 g6 3.Bg5 Bg7 4.e3 d6 5.Bd3 Nbd7 6.Nbd2 c6 7.c3 Qc7 8.Qc2 e5
9.O-O-O Qa5 10.Kb1 b5 11.Bxf6 Nxf6 12.dxe5 Ng4 13.exd6 Nxf2 14.Nb3 Qb6 15.
Qxf2 O-O 16.h4 h5 17.Rhf1 Bg4 18.e4 Qd8 19.e5 Bxf3 20.Qxf3 Bxe5 21.d7 Qxh4
22.Bxg6 a5 23.Qxh5 Qxh5 24.Bxh5 a4 25.Nd4 Bxd4 26.Rxd4 f5 27.Rfd1 Rad8 28.
Be8 Kg7 29.Rd6 Rh8 30.Rg6+ Kf8 31.Rf6+ Ke7 32.Rxf5 Rh6 33.g4 Rb8 34.g5 Rh2
35.Rg1 b4 36.c4 Ke6 37.Ra5 a3 38.b3 Rb2+ 39.Ka1 Rh2 40.g6 Rh8 41.g7 Rg8 
42.Rh5 Kf6 43.Rh2 Ke7 44.Re2+ Kd8 45.Rh2 Ke7 46.Rh8 Rxg7 47.Rxg7+ Kd6 48.
Rgg8 Rd8 49.Bg6 Rxd7 50.Rd8 Kc7 51.Rxd7+ Kxd7 1-0

[Event "17th Africa-ch"]
[Site "Lagos NGR"]
[Date "2022.09.20"]
[Round "3"]
[White "Saah, Thomas"]
[Black "Botsoe, Koffi"]
[Result "1-0"]
[WhiteElo "1886"]
[BlackElo "1629"]
[EventDate "2022.09.18"]
[PlyCount "93"]

1.e4 d5 2.exd5 Nf6 3.c4 Bf5 4.Qa4+ Nbd7 5.d3 h6 6.Nc3 g5 7.Be3 Bg7 8.Nf3 
O-O 9.b4 a6 10.Rc1 Ng4 11.h3 Nxe3 12.fxe3 Nb6 13.Qb3 e6 14.e4 Bg6 15.c5 
Bxc3+ 16.Rxc3 exd5 17.cxb6 c6 18.e5 Qxb6 19.d4 Rae8 20.Bd3 Be4 21.Rc5 f5 
22.O-O Kg7 23.a3 Qd8 24.Qc2 h5 25.Qd2 Kg6 26.g3 Rg8 27.h4 g4 28.Bxe4 dxe4 
29.Qg5+ Qxg5 30.Nxg5 Rgf8 31.e6 Rf6 32.d5 cxd5 33.Rxd5 e3 34.Re5 Re7 35.
Rxe3 Kg7 36.Re5 Kg6 37.Rf4 Rf8 38.Nf7 Rfxf7 39.exf7 Rxf7 40.Re6+ Kg7 41.
Kf2 Kh7 42.Ke3 Rc7 43.Rxf5 Rc3+ 44.Kf4 Rf3+ 45.Kg5 Rxg3 46.Rf7+ Kg8 47.Kg6
1-0

[Event "17th Africa-ch"]
[Site "Lagos NGR"]
[Date "2022.09.21"]
[Round "4.1"]
[White "Amin, Bassem"]
[Black "Adly, Ahmed"]
[Result "1/2-1/2"]
[WhiteElo "2663"]
[BlackElo "2578"]
[EventDate "2022.09.18"]
[PlyCount "22"]

1.e4 c5 2.Nc3 Nc6 3.Bb5 e6 4.Bxc6 bxc6 5.d3 d5 6.Qe2 Ba6 7.Nf3 c4 8.d4 Nf6
9.Bg5 Qa5 10.Bxf6 gxf6 11.O-O h5 1/2-1/2

[Event "17th Africa-ch"]
[Site "Lagos NGR"]
[Date "2022.09.21"]
[Round "4.2"]
[White "Hesham, Abdelrahman"]
[Black "Rakotomaharo, Fy Antenaina"]
[Result "0-1"]
[WhiteElo "2374"]
[BlackElo "2492"]
[EventDate "2022.09.18"]
[PlyCount "28"]

1.d4 Nf6 2.c4 e6 3.Nf3 d5 4.Nc3 Bb4 5.Bg5 dxc4 6.Qa4+ Nc6 7.e3 Qd5 8.Bxf6 
gxf6 9.Nd2 Bxc3 10.bxc3 b5 11.Qc2 Bb7 12.a4 a6 13.Be2 Qxg2 14.Rf1 Ne7 0-1

[Event "17th Africa-ch"]
[Site "Lagos NGR"]
[Date "2022.09.21"]
[Round "4.3"]
[White "Kigigha, Bomo Lovet"]
[Black "Ortega, Amarelle Mariano"]
[Result "1-0"]
[WhiteElo "2196"]
[BlackElo "2474"]
[EventDate "2022.09.18"]
[PlyCount "38"]

1.c4 e6 2.g3 d5 3.Nf3 dxc4 4.Qa4+ Nd7 5.Bg2 a6 6.Qxc4 b5 7.Qc2 Bb7 8.O-O 
Ngf6 9.b3 c5 10.Bb2 Be7 11.d3 O-O 12.Nbd2 Qb8 13.Rac1 Ra7 14.Qb1 e5 15.Qa1
Bd6 16.Nh4 Bxg2 17.Nxg2 Re8 18.Ne3 Bf8 19.Rfd1 g6 1-0

[Event "17th Africa-ch"]
[Site "Lagos NGR"]
[Date "2022.09.21"]
[Round "4.4"]
[White "Silva, David"]
[Black "Gong, Thon Gong"]
[Result "1-0"]
[WhiteElo "2315"]
[BlackElo "2166"]
[EventDate "2022.09.18"]
[PlyCount "57"]

1.e4 c6 2.d4 d5 3.exd5 cxd5 4.c3 Nf6 5.Bf4 Nc6 6.Bd3 g6 7.Nf3 Bg7 8.O-O 
O-O 9.h3 Bd7 10.Re1 Re8 11.Nbd2 Nh5 12.Bh2 Bh6 13.Qb3 Bc8 14.Bf1 Nf4 15.
Kh1 g5 16.c4 dxc4 17.Bxc4 e6 18.Bb5 Bd7 19.Ne4 a6 20.Bf1 Bc8 21.Bxf4 gxf4 
22.d5 Na5 23.Qc2 b5 24.Rad1 e5 25.b4 Nc4 26.Bxc4 bxc4 27.Nc5 Qd6 28.Ne4 
Qd8 29.d6 1-0

[Event "17th Africa-ch"]
[Site "Lagos NGR"]
[Date "2022.09.21"]
[Round "4.5"]
[White "Mulenga, Prince Daniel"]
[Black "Solomon, Kenny"]
[Result "1/2-1/2"]
[WhiteElo "2171"]
[BlackElo "2356"]
[EventDate "2022.09.18"]
[PlyCount "39"]

1.e4 c5 2.Nf3 d6 3.d4 cxd4 4.Nxd4 Nf6 5.Nc3 a6 6.Bg5 Nbd7 7.Qe2 h6 8.Bh4 
g6 9.O-O-O e5 10.Nb3 Be7 11.f3 b5 12.a3 Rb8 13.Qd2 Kf8 14.Bf2 Bb7 15.Be3 
Kg7 16.g4 Rc8 17.Kb1 Ba8 18.h4 Nb6 19.h5 g5 20.Qe1 1/2-1/2

[Event "17th Africa-ch"]
[Site "Lagos NGR"]
[Date "2022.09.21"]
[Round "4.6"]
[White "Lapite, Oluwadurotimi"]
[Black "Beukes, Dante M."]
[Result "1-0"]
[WhiteElo "2136"]
[BlackElo "2295"]
[EventDate "2022.09.18"]
[PlyCount "40"]

1.Nf3 Nf6 2.c4 g6 3.Nc3 Bg7 4.e4 d6 5.d4 O-O 6.h3 e5 7.d5 Nh5 8.g3 Qe7 9.
Be2 Na6 10.Nh2 Nf6 11.g4 Nc5 12.Qc2 Ne8 13.Be3 a5 14.O-O-O f5 15.Rdg1 Nxe4
16.Nxe4 fxe4 17.Nf1 c6 18.Nd2 Bd7 19.Kb1 cxd5 20.cxd5 Rc8 1-0

[Event "17th Africa-ch"]
[Site "Lagos NGR"]
[Date "2022.09.21"]
[Round "4.7"]
[White "Ajibola, Olanrewaju"]
[Black "Kabwe, Timothy"]
[Result "0-1"]
[WhiteElo "2285"]
[BlackElo "2206"]
[EventDate "2022.09.18"]
[PlyCount "85"]

1.d4 d5 2.Nf3 c5 3.e3 Nc6 4.c3 cxd4 5.exd4 Nf6 6.Bf4 Bf5 7.Qb3 Qc8 8.Ne5 
a6 9.Nd2 e6 10.Nxc6 Qxc6 11.Nf3 Be7 12.Ne5 Qc8 13.Be2 O-O 14.g4 Bg6 15.h4 
h5 16.g5 Nd7 17.Nxg6 fxg6 18.Bg3 Rf7 19.Bd3 Nf8 20.Qc2 Kh7 21.Qe2 Kg8 22.
Qc2 Kh7 23.O-O-O b5 24.Qe2 Kg8 25.Kb1 Qd7 26.Be5 Bd6 27.f4 Bxe5 28.fxe5 
Ra7 29.Rdf1 Qc6 30.Rhg1 b4 31.c4 dxc4 32.Bxc4 Rad7 33.Qd3 Rf5 34.Rxf5 gxf5
35.Bxa6 Qb6 36.Rd1 Ng6 37.Qb5 Qxb5 38.Bxb5 Rd8 39.Be2 Nxh4 40.Bxh5 Ng2 41.
Bf3 Nf4 42.Kc2 Kf7 43.Kb3 0-1

[Event "17th Africa-ch"]
[Site "Lagos NGR"]
[Date "2022.09.21"]
[Round "4.8"]
[White "Adebayo, Adegboyega Joel"]
[Black "Okeke, Isaac Chukwudalu"]
[Result "1/2-1/2"]
[WhiteElo "2267"]
[BlackElo "2180"]
[EventDate "2022.09.18"]
[PlyCount "38"]

1.d4 d5 2.Bf4 Nf6 3.e3 g6 4.c4 Bg7 5.Nc3 O-O 6.Nf3 c5 7.Rc1 cxd4 8.Nxd4 a6
9.Be2 Nc6 10.Nxc6 bxc6 11.O-O Ne4 12.cxd5 Nxc3 13.bxc3 cxd5 14.Bf3 Be6 15.
c4 dxc4 16.Bxa8 Qxa8 17.Qc2 Rc8 18.e4 Qc6 19.Rfd1 c3 1/2-1/2

[Event "17th Africa-ch"]
[Site "Lagos NGR"]
[Date "2022.09.21"]
[Round "4.9"]
[White "Emmanuel, Joy Idara"]
[Black "Lungu, Nase"]
[Result "1-0"]
[WhiteElo "2116"]
[BlackElo "2261"]
[EventDate "2022.09.18"]
[PlyCount "28"]

1.e4 c5 2.c3 d5 3.exd5 Qxd5 4.d4 Nc6 5.Nf3 Nf6 6.Be2 e6 7.Be3 cxd4 8.cxd4 
Bb4+ 9.Nc3 Qa5 10.Qb3 O-O 11.O-O Rd8 12.Rfd1 b6 13.a3 Bxc3 14.bxc3 h6 1-0

[Event "17th Africa-ch"]
[Site "Lagos NGR"]
[Date "2022.09.21"]
[Round "4.10"]
[White "John, Henry"]
[Black "Rehan, Deng Cypriano"]
[Result "1/2-1/2"]
[WhiteElo "2245"]
[BlackElo "2145"]
[EventDate "2022.09.18"]
[PlyCount "52"]

1.e4 e5 2.Nf3 Nc6 3.Bb5 a6 4.Ba4 Nf6 5.O-O d6 6.Re1 Be7 7.c3 b5 8.Bb3 Na5 
9.Bc2 c5 10.h3 O-O 11.d4 Qc7 12.Nbd2 Rd8 13.Nf1 h6 14.Ne3 Bf8 15.b3 Bb7 
16.d5 Bc8 17.c4 b4 18.Nh2 Nb7 19.Qf3 a5 20.Nf5 Bxf5 21.Qxf5 Qe7 22.Ng4 
Nxg4 23.Qxg4 Qd7 24.Qg3 Kh8 25.Bb2 f6 26.Qg6 Qe8 1/2-1/2

[Event "17th Africa-ch"]
[Site "Lagos NGR"]
[Date "2022.09.21"]
[Round "4.11"]
[White "Manyang, Peter Majur"]
[Black "Zhemba, Jemusse"]
[Result "0-1"]
[WhiteElo "2111"]
[BlackElo "2232"]
[EventDate "2022.09.18"]
[PlyCount "36"]

1.e4 e5 2.Nf3 Nc6 3.Bb5 a6 4.Ba4 Nf6 5.O-O Be7 6.Re1 b5 7.Bb3 O-O 8.c3 Bb7
9.d4 d6 10.Nbd2 Re8 11.Nf1 Bf8 12.Ng5 Re7 13.Ng3 Qe8 14.Nf5 Rd7 15.Re3 Na5
16.Rh3 g6 17.Bc2 h5 18.Ng3 Bg7 0-1

[Event "17th Africa-ch"]
[Site "Lagos NGR"]
[Date "2022.09.21"]
[Round "4.12"]
[White "Paiva, Donaldo"]
[Black "Ikhimiukor, Ehidiamen"]
[Result "1-0"]
[WhiteElo "2207"]
[BlackElo "1942"]
[EventDate "2022.09.18"]
[PlyCount "51"]

1.d4 d5 2.c4 e6 3.Nf3 Nf6 4.Nc3 Be7 5.Bf4 c6 6.e3 O-O 7.h3 Re8 8.Bd3 Bd6 
9.Ne5 dxc4 10.Bxc4 Nd5 11.Bh2 f6 12.Nf3 Nb6 13.Bb3 Bxh2 14.Nxh2 Kh8 15.Qh5
N8d7 16.Nf3 Qe7 17.Nh4 Nf8 18.Bc2 f5 19.Nf3 Nbd7 20.g4 Nf6 21.Qg5 Nd5 22.
Nxd5 Qxg5 23.Nxg5 cxd5 24.gxf5 exf5 25.Nf7+ Kg8 26.Nd6 1-0

[Event "17th Africa-ch"]
[Site "Lagos NGR"]
[Date "2022.09.21"]
[Round "4.13"]
[White "Eyetonghan, Denyefa Callistus"]
[Black "Phiri, Richmond"]
[Result "1/2-1/2"]
[WhiteElo "2079"]
[BlackElo "2351"]
[EventDate "2022.09.18"]
[PlyCount "40"]

1.d4 Nf6 2.c4 g6 3.Nc3 d5 4.Nf3 Bg7 5.Bg5 Ne4 6.cxd5 Nxg5 7.Nxg5 e6 8.Nf3 
exd5 9.e3 O-O 10.Be2 c6 11.O-O a5 12.Rc1 Re8 13.Re1 Nd7 14.a3 Bf8 15.Na4 
Bd6 16.Nc5 Bxc5 17.dxc5 a4 18.Qd2 Qa5 19.Qb4 Qd8 20.Bd1 Qa5 1/2-1/2